| 000 | 00516nam a2200181Ia 4500 | ||
|---|---|---|---|
| 003 | OSt | ||
| 005 | 20200923100746.0 | ||
| 008 | 190216s9999||||xx |||||||||||||| ||und|| | ||
| 020 | _a9788176256513 | ||
| 040 | _coclc | ||
| 082 |
_a580.954 _bVAR/F |
||
| 100 |
_aVardhana, Rashtra _94804 |
||
| 245 | 0 |
_aFloristic Plants Of The World / _cRashtra Vardhana |
|
| 260 |
_bSarup & Sons, _c2006. _aNew Delhi: |
||
| 300 | _a304p | ||
| 650 | _aBotany | ||
| 942 |
_cBK _2ddc _h580.954 _iVAR/F _k580.954 _mVAR/F |
||
| 999 |
_c1792 _d1792 |
||